000 00606nam a2200157 a 4500
008 120416s2004 ||||||||||||||||| || u
050 _aIBRD(08)
100 _aTaliercio, Robert
245 1 0 _aDesigning performance: the semi-autonomous revenue authority model in Africa and Latin America
260 _aWashington, D. C.
_bWorld Bank
_c2004
300 _a83p. : ill.
350 _a0.00
490 _aPolicy Research Working Paper
650 _aTAXATION
995 _D0.00
_FCBU-MAIN LIBRARY (Kitwe)
_H1
_I0.00
_M1
_UAVAILABLE
_ZInternational Publications
999 _c39803
_d39803